El Papel del INCEP en la consolidación de la democracia regional /

Đã lưu trong:
Chi tiết về thư mục
Tác giả chính: Laclé Castro, Rolando
Định dạng: Texto
Những chủ đề:
Các nhãn: Thêm thẻ
Không có thẻ, Là người đầu tiên thẻ bản ghi này!

MARC

LEADER 00000 a a2200000 04500
001 11480
003
040
100 |a Laclé Castro, Rolando  
245 |a El Papel del INCEP en la consolidación de la democracia regional /  |c Rolando Laclé Castro 
650 |a ORGANIZACIONES REGIONALES  
650 |a DEMOCRACIA  
650 |a POLITICA  
650 |a PAZ  
650 |a ESTADO  
650 |a DEMOCRATIZACION  
650 |a SOCIEDAD  
650 |a ECONOMIA  
650 |a MERCADO  
650 |a MEDIOS DE COMUNICACION  
773 |g número 3 -4; páginas 143-160  
999 |c 24736  |d 24736